000 00381nam a2200157Ia 4500
008 221030s9999 xx 000 0 und d
020 _a8171419224
041 _aEnglish
082 _a105.23
_bMis
100 _aR. N. Misra
245 0 _aProblems & Prospects Of Small Industries
260 _bDiscovery Pub
_aNew Delhi
_c2005
300 _a117
650 _aManagement
942 _cBK
999 _c296
_d296